Statystyki dla Quiz wiedzy o szachach

Kliknij tutaj aby rozwiązać quiz!

Ogólne statystyki

  • Ten quiz został rozwiązany 27 razy
    (16 od ostatniego zresetowania)
  • Średni wynik to 11 z 13

Statystyki odpowiedzi

PytanieOdpowiedź% Poprawnych
Ile jeden gracz ma hetmanów?1
100%
Ile jeden gracz ma królów?1
100%
Ile sztuk figur do gry ma jeden zawodnik?16
100%
Ile jeden gracz ma gońców?2
100%
Ile jeden gracz ma skoczków?2
100%
Ile ruchów można najmniej zrobić, by zrobić Szach-Mata?2
100%
Ile jest pól w grze Szachy?
64
100%
Ile jeden gracz ma pionków?8
100%
Jak nazywa się najbardziej typowy rodzaj remisu?Pat
93%
Jak nazywa się ruch, w którym król musi się ruszyć, bo ma zagrożenie lub może być przysłonięty przez innego pionka?Szach
87%
Skąd wywodzi się gra Szachy?Indie
60%
Na jakich polach stoją królowie po obu stronach?E1 E8
47%
Jak nazywa się sytuacja, w której król u jednego z graczy nie może się ruszyć?Szach-Mat
47%

Rozkład punktacji

Percentyl według liczby udzielonych odpowiedzi

Procent ludzi z każdym wynikiem

Twoja historia wyników

Nie rozwiązałeś tego quizu od ostatniego zresetowania